Aleksandr Solzhenitsyn : critical essays and documentary materials /

Bibliographic Details
Main Author: Dunlop, John B.
Other Authors: Haugh, Richard, Klimoff, Alexis
Format: Book
Language:English
Published: New York : Collier Books, [1975]
Edition:2d ed.
Subjects:

MARC

Tag First Indicator Second Indicator Subfields
LEADER 00000pam a2200000 i 4500
001 in00000474721
005 20151012172454.0
008 750116s1975 nyu b 00010 eng
010 |a  75001359  
020 |a 0020505507 
035 |a (OCoLC)01176760 
035 |9 ACA1660AM 
040 |a DLC  |c DLC  |d TXA  |d UtOrBLW 
049 |a TXAM  |c [1234909] 
050 0 0 |a PG3488.O4  |b Z64 1975 
082 0 |a 891.7/8/4409 
100 1 |a Dunlop, John B. 
245 1 0 |a Aleksandr Solzhenitsyn :  |b critical essays and documentary materials /  |c edited by John B. Dunlop, Richard Haugh, and Alexis Klimoff. 
250 |a 2d ed. 
264 1 |a New York :  |b Collier Books,  |c [1975] 
300 |a 666 pages ;  |c 21 cm. 
336 |a text  |b txt  |2 rdacontent 
337 |a unmediated  |b n  |2 rdamedia 
338 |a volume  |b nc  |2 rdacarrier 
504 |a Bibliography: pages 650-664. 
600 1 0 |a Solzhenit︠s︡yn, Aleksandr Isaevich,  |d 1918-2008. 
700 1 |a Haugh, Richard. 
700 1 |a Klimoff, Alexis. 
999 |a MARS 
999 f f |s 9d86ec2e-b5d6-3696-bdfb-13feb4bd908b  |i 54a6f569-25f8-3de8-be35-1439c4b1c945  |t 0 
952 f f |p ric  |a Texas A&M University  |b Rellis Campus  |c Joint Library Facility  |s JLF  |d Remote Storage  |t 0  |e PG3488.O4 Z64 1975  |h Library of Congress classification  |i unmediated -- volume  |m A14803632293 
998 f f |a PG3488.O4 Z64 1975  |t 0  |l Remote Storage